Normal view
MARC view
- Marī, Shāh Muḥammad
Entry Personal Name
001 - CONTROL NUMBER
- control field: 3619
003 - CONTROL NUMBER IDENTIFIER
- control field: NUST
005 - DATE AND TIME OF LATEST TRANSACTION
- control field: 20170727154734.0
008 - FIXED-LENGTH DATA ELEMENTS
- fixed length control field: 170727|| aca||aabn | a|a d
040 ## - CATALOGING SOURCE
- Original cataloging agency: NUST
- Transcribing agency: NUST
100 ## - HEADING--PERSONAL NAME
- Personal name: Marī, Shāh Muḥammad
- General subdivision: Travel
- Geographic subdivision: China.
670 ## - SOURCE DATA FOUND
- Source citation: Work cat.: (NUST)0: 880-01 Marī, Shāh Muḥammad. 3618, Chīna āshnāʼī /, 2007.
